MDQL
is popping MORE tags! Check the
thread
!
Quizzes
Events
Quiz Creation
Community
Videos
Private Events
Remove Ads
Sign In
Join for FREE
Feedback
Dark Mode
Quiz Categories
Sports
Geography
Music
Movies
Television
Just For Fun
Miscellaneous
History
Literature
Language
Science
Gaming
Entertainment
Religion
Holiday
For Kids
Quiz Lab
Recent
Popular Today
Quiz Kudos Today
Editor Picks
Curator Picks
Quizzes by...
Day
Popularity
Type
Ratings
Length
Year
Community
Subscriptions
Recent Discussions
Orange Saloon
Badges
Playlists
Quests
Create
Leaderboards
Showdown
Live 5
Trivia Bingo
Activity
Puzzle Library
Sporcle Events
Private Events
Virtual Trivia
Globe League
Become a Host
Pub Owners
SporcleCon
Opinionation
Our Games
Videos
Blog
Mobile Apps
Partnerships
Remove Ads and Go Orange
Feedback
Music
Pop Music
The Beatles
Song
Album
Lyrics
Bands
Singers
Artist
Clip
Rock
Rap
Classical
Billboard
Country Music
Kpop
Taylor Swift
Music
Pop Music
The Beatles
Song
Album
Lyrics
Bands
Singers
Artist
Clip
Rock
Rap
Classical
Billboard
Country Music
Kpop
Taylor Swift
Random Quiz
Search Sporcle
×
Quiz Lab
Quiz Lab
Music
Nominee
Type in answers that appear in a list
Type in answers that appear in a list
Classic
Best Score? Go Orange.
CMA Female Vocalist Nominees Stats
Can you name the nominees for CMA Female Vocalist of the year since 1990?
By
cpo_sharky_09
8m
25 Questions
247 Plays
247 Plays
247 Plays
Comments
Comments
Give Quiz Kudos
Give Quiz Kudos
-
- Ratings
hide this ad
Replay
Link that replays current quiz
Next Quiz
Link to next quiz in quiz playlist
You Got
0%
They Got
Avg Score
65%
Avg Friend Score
Upgrade to see
Score Distribution
Jump to the score distribution portion of the page
Score
0/25
Timer
08:00
0
Plays Today
Years
Artist
% Correct
2006-
2012
Carrie Underwood
94.7%
1990-
1995, 2004, 2007, 2009-
2010
Reba McEntire
92.3%
2008-
2012
Taylor Swift
91.1%
1996, 1998-
2001, 2006
Faith Hill
86.2%
1996, 1998-
2012
Martina McBride
86.2%
2007-
2012
Miranda Lambert
85%
1992, 1994, 1997-
2002
Trisha Yearwood
75.7%
1996, 1999
Shania Twain
75.3%
2003
Dolly Parton
73.7%
2005-
2006
Gretchen Wilson
72.5%
1998, 2000-
2002, 2005
Lee Ann Womack
66%
1997
LeAnn Rimes
65.2%
1990-
1991, 1995-
1998, 2003
Patty Loveless
60.7%
Years
Artist
% Correct
1990-
1993
Tanya Tucker
60.7%
2001-
2002, 2004-
2006, 2011
Sara Evans
59.5%
1993-
1997
Pam Tillis
58.3%
1992-
1995
Mary Chapin Carpenter
56.7%
1990-
1991
Kathy Mattea
55.9%
1995, 2002-
2005, 2007-
2008
Alison Krauss
55.1%
1992-
1994
Wynonna
50.6%
1997
Deana Carter
47.4%
2003-
2004
Terri Clark
47%
1999-
2000
Jo Dee Messina
45.3%
1990-
1991
Lorrie Morgan
44.9%
2012
Kelly Clarkson
41.5%
Quiz Playlist
Details
Report
Send in Message
Add To Playlist
Classic:
Type in answers that appear in a list
Last Updated: Feb 16, 2017
Quiz Scoreboard
CHALLENGE
Sign Up to Join the Scoreboard
Show All
Scores
Hide
Comments
May contain spoilers
Recently Published
Two Season TV Shows II
by 123Four
Television
10m
Image Sorting: Flags VI
by Barbecue
Geography
2m
Find the 'City' Movie
by crazypaving
Movies
60s
More to Explore
Quiz From the Vault
Featured Blog Post
14 Easter Pick-up Lines to Find Eggs With
hide this ad
You Might Also Like...
Tags
Artist Quiz
Nominee Quiz
1990
cma
CMA Female
female
Vocalists
Today's Top Quizzes in Music
Browse Music
hide this ad
Today's Top Quizzes in Nominee
Browse Nominee
Top Contributed Quizzes in Music
1
5X2 Blitz: Bands II
2
5X2 Blitz: The Beatles
3
Taylor Swift All Songs (2024)
4
5X2 Blitz: Billboard
5
5X2 Blitz: Billboard II
6
5X2 Blitz: Album
7
5X2 Blitz: Rock
8
5X2 Blitz: Singers
9
Music Artist by Three 2010s hits
10
5X2 Blitz: Lyrics
Explore More
Trending Topics
Harry Potter
Marvel
Kpop
NBA
Anime
Disney
Crossword
NFL
Song
Country
WWE
Puzzle
Soccer
Pokémon
The Office
hide this ad
More By:
cpo_sharky_09
Quiz
Plays
Rating
Category
Featured
Created
NASCAR Most Sprint Cup Starts
14,259
4.25
Sports
Oct 3, 2009
1998 Nascar Drivers
997
4.75
Sports
Nov 6, 2009
Most IndyCar Series Starts
639
3.33
Sports
Oct 3, 2009
Sitcoms by Lead Actors
498
3.50
Television
Nov 2, 2009
Sitcoms by Lead Actors 2
482
3.67
Television
Nov 2, 2009
Go to Creator's Profile
Score Distribution
Quiz Creator Spotlight
cpo_sharky_09
Follow
Send a Message
Quizzes Created
-
Created Quiz Play Count
-
More By This Creator
Popular Quizzes Today
1
Find the US States - No Outlines Minefield
2
Colored Red Africa Blitz
3
Find the 'City' Movie
4
5x2 Blitz: Bands
5
The Countries of the World
6
Find the Countries of Europe - No Outlines Minefield
7
Find the US States
8
US States
More Music Quizzes
Songs Combined
Curator's Pick
Trending Quizzes
Colored Red Europe Blitz I
Colored Red Africa Blitz II
Colored Red Europe Blitz II
Colored Red Africa Blitz III
Colored Red Europe Blitz III
Recently Updated
How Do You Spell That?
pecheneg
Godzilla Movies
pecheneg
Grab Bag: 4-10 Letters
pecheneg
2024 March Madness Bracket
pecheneg
Famous TV Couples
Peacemaker
Champions League XIs: Real Madrid
pecheneg
Largest US Cities 1790-2010
pecheneg
Rides in Walt Disney World
pecheneg
Most Oscar Losses (Acting)
pecheneg
Beyoncé Albums
pecheneg
Trending Topics
Crossword
Harry Potter
Kpop
NBA
Marvel
Disney
Anime
Country
WWE
Puzzle
Pokémon
Song
The Office
NFL
Soccer
Your Account Isn't Verified!
In order to create a playlist on Sporcle, you need to verify the email address you used during registration. Go to your
Sporcle Settings
to finish the process.
Report this User
Report this user for behavior that violates our
Community Guidelines
.
Details:
Send Report
Go to the Sporcle.com Mobile Site →
Comments